LEADER 05209oam 2200925 c 450 001 9910871901403321 005 20260302090207.0 010 $a3-8474-1879-3 024 3 $a9783847418795 035 $a(CKB)32753807700041 035 $a(MiAaPQ)EBC31554387 035 $a(Au-PeEL)EBL31554387 035 $a(Perlego)4505018 035 $a(Verlag Barbara Budrich)9783847418795 035 $a(OCoLC)1445930717 035 $a(EXLCZ)9932753807700041 100 $a20260302d2024 uy 0 101 0 $aeng 135 $aur||||||||||| 181 $ctxt$2rdacontent 182 $cc$2rdamedia 183 $acr$2rdacarrier 200 00$aParticipation in Residential Childcare $eSafeguarding children's rights through participation and complaint procedures /$fClaudia Equit, Antonia Finckh, Julia Ganterer, Elisabeth Thomas 205 $a1st ed. 210 $aLeverkusen$cVerlag Barbara Budrich$d2024 215 $a1 online resource (258 pages) 311 08$a3-8474-2709-1 327 $a1. Safeguarding Children?s Rights in Residential Childcare ? Introduction (Claudia Equit, Antonia Finckh, Julia Ganterer, Elisabeth Thomas) 2. Organizational Idiocultures in Residential Group Care ? Key Results from the Study (Claudia Equit, Antonia Finckh, Elisabeth Thomas) 3. ?This is your home, that?s what it?s supposed to be?: Participation in Residential Care (Claudia Equit) 4. ?... but the professionals decide everything? ? Complaint Procedures in Residential Group Care (Claudia Equit) 5. Organizational Power Dynamics in Residential Group Care as Key Drivers for Safeguarding Children?s Rights (Claudia Equit) 6. The Impact of the COVID-19 Pandemic on the Daily Lives of Young People in Residential Group Care (Elisabeth Thomas) 7. Participation and Complaint Processes in Residential Group Care ? What do young people think about it? (Antonia Finckh) 8. Relationship and Participation ? Relational Social Work in Residential Group Care (Claudia Equit) 9. No Voice ? No Choice? ? Practices of silencing in Residential Group Care (Julia Ganterer) 10. Silencing and Victimization in Residential Group Care ? Key Results from the Study (Julia Ganterer) 11. Conclusions (Claudia Equit, Antonia Finckh, Elisabeth Thomas) Index 330 $aIn Paragraph 12 der UN-Kinderrechtskonvention ist das Recht auf Partizipation verankert: Kinder und Jugendliche haben das Recht, in allen sie betreffenden Angelegenheiten entsprechend ihrem Alter und ihrer Reife mitzuwirken und ihre Meinung zu äußern. Der Band untersucht dieses Recht auf Partizipation in der Heimerziehung. Die Wirkungsweisen von Beteiligungs- und Beschwerdeverfahren in stationären Einrichtungen werden anhand zentraler Ergebnisse einer empirischen Untersuchung bewertet. Wie funktionieren diese Verfahren? Es werden die wichtigsten Möglichkeiten und Hindernisse bei der Umsetzung der Partizipationsrechte von Kindern erörtert. Article 12 of the UN Convention on the Rights of the Child establishes the right to participation: children and adolescents are entitled to participate and to have their views taken into account in all issues affecting them in accordance to their age and maturity. The volume explores this right to participation in residential care. The impact of participation and complaint procedures in residential care facilities are evaluated by means of crucial results from an empirical study. How do these participation and complaints procedures work? The authors discuss crucial facilitators and barriers with regard to the implementation of children?s rights to participate. 606 $achildren 606 $aKinder 606 $aKinderrechte 606 $aUN 606 $aGermany 606 $aHeimunterbringung 606 $asilencing practices 606 $aadvocacy 606 $aDeutschland 606 $aBeschwerdeverfahren 606 $avictimisation 606 $aSchweigepraxis 606 $aviolence 606 $aAnwaltschaft 606 $aChild and Youth Strengthening Act 606 $aUN Convention on the Rights of the Child 606 $aViktimisierung 606 $aDFG 606 $aGewalt 606 $aDeutsche Forschungsgemeinschaft 615 4$achildren 615 4$aKinder 615 4$aKinderrechte 615 4$aUN 615 4$aGermany 615 4$aHeimunterbringung 615 4$asilencing practices 615 4$aadvocacy 615 4$aDeutschland 615 4$aBeschwerdeverfahren 615 4$avictimisation 615 4$aSchweigepraxis 615 4$aviolence 615 4$aAnwaltschaft 615 4$aChild and Youth Strengthening Act 615 4$aUN Convention on the Rights of the Child 615 4$aViktimisierung 615 4$aDFG 615 4$aGewalt 615 4$aDeutsche Forschungsgemeinschaft 702 $aEquit$b Claudia$cProf. Dr.$4edt 702 $aFinckh$b Antonia$4ctb 702 $aGanterer$b Julia$cDr.$4ctb 702 $aThomas$b Elisabeth$4ctb 801 0$bMiAaPQ 801 1$bMiAaPQ 801 2$bMiAaPQ 906 $aBOOK 912 $a9910871901403321 996 $aParticipation in Residential Childcare$94183523 997 $aUNINA